| 000 | 00407cam a2200169ua 4500 | ||
|---|---|---|---|
| 020 | _c2.00 | ||
| 041 |
_amal _h |
||
| 082 |
_a923.2 _bGAN/EN |
||
| 100 | _aMahathma, Gandhi . | ||
| 245 |
_aEnte jeevitha katha / _cMahathma Gandhi. _hTextual Documents |
||
| 260 |
_aKannur : _bKepies Publishers , _c1956. |
||
| 300 | _a238 ; . | ||
| 365 | _a2.00 | ||
| 504 | _a | ||
| 942 | _cBK | ||
| 999 |
_c6101 _d6101 |
||